Remoción de causales disolutorias y responsabilidad de administradores (y socios) de sociedades
Guardado en:
| Autor principal: | |
|---|---|
| Formato: | Desconocido |
| Aporte de: | Registro referencial: Solicitar el recurso aquí |
| LEADER | 00390 a2200109 4500 | ||
|---|---|---|---|
| 001 | ART_39739 | ||
| 005 | 20260410161805.0 | ||
| 008 | 260409a | ||
| 245 | 1 | 0 | |a Remoción de causales disolutorias y responsabilidad de administradores (y socios) de sociedades |
| 100 | 1 | |a Richard, Efraín Hugo | |
| 773 | 0 | |t Doctrina Societaria y Concursal |g - Nº 343 (jun. 2016) |w REV4298 | |
| 999 | |c 20896 |d 20896 | ||